Les Présidents de la République ayant vécu le plus longtemps - Statistiques

Statistiques générales
  • Ce quiz a été pris 100 fois
  • Le résultat moyen est 6 sur 10
Statistiques - réponses
Âge Président % Correct
20e 91 ans (né en 1926) Valéry Giscard d'Estaing
91%
22e 84 ans (né en 1932) Jacques Chirac
90%
17e 80 ans (1882-1962) René Coty
80%
16e 81 ans (1884-1966) Vincent Auriol
69%
2e 80 ans (1797-1877) Adolphe Thiers
66%
3e 85 ans (1808-1893) Patrice de Mac-Mahon
58%
12e 84 ans (1859-1943) Alexandre Millerand
48%
4e 84 ans (1807-1891) Jules Grévy
45%
9e 89 ans (1841-1931) Armand Fallières
43%
8e 90 ans (1838-1929) Emile Loubet
42%
Aucun quiz correspondant
Distribution des résultats
% des personnes avec chaque résultat
Percentile par nombre de réponses
Votre historique - résultats
Vous n’avez pas pris ce quiz